Các phương xác định giá trị tài sản vô hình
Đã lưu trong:
| Hovedforfatter: | |
|---|---|
| Format: | Bog |
| Sprog: | Undetermined |
| Udgivet: |
Hà Nội
Khoa Học Và Kỹ Thuật
2005
|
| Fag: | |
| Tags: |
Tilføj Tag
Ingen Tags, Vær først til at tagge denne postø!
|
| Thư viện lưu trữ: | Trung tâm Học liệu Trường Đại học Cần Thơ |
|---|
| LEADER | 00591nam a2200193Ia 4500 | ||
|---|---|---|---|
| 001 | CTU_74012 | ||
| 008 | 210402s9999 xx 000 0 und d | ||
| 020 | |b 27000 | ||
| 082 | |a 338.521 | ||
| 082 | |b Tr561 | ||
| 100 | |a Đoàn, Văn Trường | ||
| 245 | 0 | |a Các phương xác định giá trị tài sản vô hình | |
| 245 | 0 | |c Đoàn Văn Trường | |
| 260 | |a Hà Nội | ||
| 260 | |b Khoa Học Và Kỹ Thuật | ||
| 260 | |c 2005 | ||
| 650 | |a Prices,Value,Supply And Demand | ||
| 904 | |i Nguyên | ||
| 980 | |a Trung tâm Học liệu Trường Đại học Cần Thơ | ||